Memoria sobre la labor de la organización en el año del cincuentenario 1996
সংরক্ষণ করুন:
| প্রধান লেখক: | |
|---|---|
| বিন্যাস: | গ্রন্থ |
| ভাষা: | স্প্যানিশ |
| প্রকাশিত: |
New York, USA
Naciones Unidas
1996
|
| বিষয়গুলি: | |
| ট্যাগগুলো: |
ট্যাগ যুক্ত করুন
কোনো ট্যাগ নেই, প্রথমজন হিসাবে ট্যাগ করুন!
|
MARC
| LEADER | 00000nam a2200000 a 4500 | ||
|---|---|---|---|
| 001 | UCT6443 | ||
| 003 | CL-VaPUC | ||
| 005 | 20240819150741.0 | ||
| 008 | 970113e19960000US |||||||||||||||||spa|d | ||
| 999 | |c 255148 |d 255146 | ||
| 040 | |c Pontificia Universidad Católica de Valparaíso | ||
| 082 | 0 | 4 | |a 341.232 BOU 1996 |2 21 |
| 100 | 0 | |a Boutros Ghali, Boutros |9 376646 | |
| 245 | 1 | 0 | |a Memoria sobre la labor de la organización en el año del cincuentenario 1996 |
| 260 | 0 | 3 | |a New York, USA |b Naciones Unidas |c 1996 |
| 300 | |a 403 páginas | ||
| 583 | |a last modification |c 19970113 00:00:00 |k Rodrigo Vera | ||
| 600 | 0 | 7 | |a NACIONES UNIDAS |2 CL-VaPUC |9 255446 |
| 650 | 0 | |a Administración pública |9 255343 | |
| 650 | 7 | |a FINANCIAMIENTO |2 CL-VaPUC |9 358995 | |
| 650 | 7 | |a DESARROLLO |2 CL-VaPUC |9 258144 | |
| 650 | 0 | |a Paz |9 259242 | |
| 650 | 0 | |a Conflictos |9 332195 | |
| 650 | 0 | |a Asistencia humanitaria |9 375868 | |
| 650 | 0 | |a Democracia |9 255256 | |
| 650 | 0 | |a Congresos |9 257560 | |
| 650 | 0 | |a Diplomacia |9 256483 | |
| 942 | |c BK |2 ddc | ||
| 945 | |d 19970113 00:00:00 |a rbrito | ||
| 952 | |0 0 |1 0 |2 ddc |4 0 |6 341_232000000000000_BOU_1996 |7 0 |8 A |9 277270 |a BIBENE |b BIBENE |d 2019-11-19 |i 3265285 |o 341.232 BOU 1996 |p 3265285 |r 2025-01-15 |t 1 |w 2019-11-19 |y BK |k ICO | ||